| 000 | 00504nam a22001697a 4500 | ||
|---|---|---|---|
| 003 | OSt | ||
| 005 | 20251023040451.0 | ||
| 008 | 251023b |||||||| |||| 00| 0 eng d | ||
| 020 | _a978-1-5011-1036-8 | ||
| 040 |
_aDWCL - Main Lib _cOC |
||
| 082 | _aFic. H776i c2022 | ||
| 100 | _aHoover, Colleen | ||
| 245 |
_aIt Starts with Us : _bA novel / _cColleen Hoover |
||
| 260 |
_aNew York : _bSimon and Schuster, _c c2022. |
||
| 300 |
_a244 pages : _billustrations ; _c21 cm. |
||
| 942 |
_2ddc _cFIC. _mFic. _n0 |
||
| 999 |
_c5047 _d5047 |
||